| 000 | 00667nam a22002177a 4500 | ||
|---|---|---|---|
| 003 | OSt | ||
| 005 | 20220706041930.0 | ||
| 008 | 160218b xxu||||| |||| 00| 0 eng d | ||
| 020 | _a1433533340 | ||
| 040 |
_aMMU _beng _cMMU _dMMU |
||
| 050 |
_aBV4509.5 _b.D49 2012 |
||
| 100 | _aDeYoung,Kevin | ||
| 245 |
_aThe hole in our holiness filling the gap between gospel passion and the pursuit of Godliness/ _cKevin Deyoung. |
||
| 260 |
_aNew York : _bCrossway, _c2012. |
||
| 300 | _a159 p. : | ||
| 500 | _aIncludes index | ||
| 500 | _aIncludes index | ||
| 650 | _aChristian life and holiness | ||
| 942 |
_2lcc _cLOAN LOAN |
||
| 980 | _a^d20141023 12:24:15^omwanik | ||
| 999 |
_c15048 _d15048 |
||